000 00312nam a22001337a 4500
008 230627b xxu||||| |||| 00| 0 eng d
020 _a0230500587
082 _a333.91
_bUNDP
100 _cUNDP
245 _aHuman Development Report 2006
_bBeyond Scarcity
260 _c2006
300 _a422p
942 _2ddc
_cBK
999 _c2856
_d2856